00249nam a2200109Ia 4500100001800000654001300018245003800031260003600069082001400105300000800119546001200127 aHetzel/ Bill  aComputer aMaking Softwares measurement work bShroff PublishersaBombayc1993 a5.14bPAN a504 aENGLISH